Statistics for [Uncharted] The Lost Legacy Quiz

Click here to take the quiz!

General Stats

  • This quiz has been taken 207 times
  • The average score is 10 of 15

Answer Stats

HintAnswer% Correct
The main protagonist, and the character you play asChloe Frazer
99%
The secondary character, who was also the side villain in Uncharted 4Nadine Ross
98%
Side character whom you meet halfway through the story, and was the main side character in Uncharted 4Sam Drake
98%
The main antagonist of the gameAsav
85%
What food do you consume in the post credit scene?Pizza
78%
In chapter 4, how many fortresses are you required to visit in the Western Ghats?3
74%
What vehicle do you need to walk through to get to Asav?Train
74%
Which organisation does the antagonist trade the tusk with near the end of the game?Shoreline
70%
How many Hoysala tokens are hidden around the Western Ghats?11
68%
What does he trade it for?A Bomb
67%
What vehicle do you need to fight while confronting Shoreline near the end of the plot?Helicopter
53%
Who is now leading Shoreline, and provides the arms deal with Asav?Orca
50%
The treasure that you chase after throughout the gameTusk of Ganesh
50%
What is the name of the larger capital, which you visit next?Belur
31%
What is the name of the smaller capital, and the one you visit first in the story?Halebidu
25%

Score Distribution

Percentile by Number Answered

Percent of People with Each Score

Your Score History

You have not taken this quiz